Fundamentals of information technology (Record no. 464)

MARC details
000 -LEADER
Fixed length control field 00515nam a2200181 4500
003 - CONTROL NUMBER IDENTIFIER
Control field SEACOMEC
005 - DATE AND TIME OF LATEST TRANSACTION
Control field 20240112124416.0
008 - FIXED-LENGTH DATA ELEMENTS--GENERAL INFORMATION
Fixed length control field 240112b |||||||| |||| 00| 0 eng d
020 ## - INTERNATIONAL STANDARD BOOK NUMBER / ISBN
Price Rs.130.00
040 ## - CATALOGING SOURCE
Original cataloging agency SEACOMEC
082 ## - DEWEY DECIMAL CLASSIFICATION NUMBER
Classification number 004.01
Book Number S132
100 ## - MAIN ENTRY--PERSONAL NAME
Personal name Saikumar,M.L.
245 1# - TITLE STATEMENT
Title Fundamentals of information technology
Statement of responsibility M.L. Saikumar,Nirmala sekhar,N. Padmalatha
260 ## - IMPRINT
Place of publication New Delhi
Name of publisher S.Chand
Date of publication 1999
650 ## - SUBJECT ADDED ENTRY--TOPICAL TERM
Topical term information, information,Computer science
700 ## - ADDED ENTRY--PERSONAL NAME
Personal name Sekhar,Nirmala
942 ## - ADDED ENTRY ELEMENTS (KOHA)
Koha item type Books
Holdings
Withdrawn status Lost status Source of classification Damaged status Not for loan Home library Current library Date acquired Total Checkouts Call number Accession number Date last seen Copy number Price effective from Koha item type
    Dewey Decimal Classification     SEACOM ENGINEERING COLLEGE SEACOM ENGINEERING COLLEGE 05/06/2006   004.01 S132 01563 12/01/2024 2 12/01/2024 Books
    Dewey Decimal Classification     SEACOM ENGINEERING COLLEGE SEACOM ENGINEERING COLLEGE 05/06/2006   004.01 S132 01564 12/01/2024 3 12/01/2024 Books
© Seacom Engineering College, All rights reserved.      Powered by Koha